| 000 | 00534nam a2200193Ia 4500 | ||
|---|---|---|---|
| 008 | 140925s9999 xx 000 0 und d | ||
| 020 | _a2167-1168 | ||
| 100 | _aStevens, Dennis C. | ||
| 245 |
_aJournal of Nursing & Care / _cDennis C. Stevens. _h[electronic resource] |
||
| 260 |
_bOMICS Group, _cc2014. |
||
| 516 | _aElectronic text | ||
| 650 | _aCare. | ||
| 650 | _aJournal. | ||
| 650 | _aNursing. | ||
| 830 | _aOMICS Group | ||
| 856 | _uhttp://omicsgroup.org/journals/nursing-care.php | ||
| 942 | _cEJ | ||
| 999 |
_c275667 _d275667 |
||